00509nmm a2200157Ia 4500008004100000041000800041100003400049245007700083264005100160300001800211490001400229650003000243856005200273942000700325999001900332251105s9999||||xx |||||||||||||||||und|| aspa aTéllez-Pon, Sergio (coord.) 0aUn árbol se expande en el cielo :b Antología de cuento gay mexicano a[Madrid, España] :bEditorial Egales, c2023 a214 páginas aNarrativa aLatin American literature uhttps://public.digitaliapublishing.com/a/135790 cCF c100274d100274